Дело по содержанию освещения театра-0цирка купцом Первой гильдии Иваном Кондратьевым

Доступно только в Электронных читальных залах Найти на картеНа карте
RUSMARC
00003740nmc2a22000003x 450
00131dc3881-8467-431e-93fd-c93580afdef2
00520190110002530.0
100##$a20170704l18491850k l0rusy0189 ca
1010#$arus
102##$aRU
2001#$aДело по содержанию освещения театра-0цирка купцом Первой гильдии Иваном Кондратьевым
$j11 января 1849 г. - 16 февраля 1850 г.
251##$cДело
300##$aПо Санкт-Петербургской дирекции за 1849 год
300##$aДело
801#0$aRU
$bРГИА
$c20170704
$gRCR
801#1$aRU
$bГлавНИВЦ
$c20170704
$2rusmarc
801#2$aRU
$bПБ им. Б.Н. Ельцина
$c20190110
$gRCR
$2rusmarc
850##$aРГИА
852##$aРГИА
$eФедеральное казенное учреждение "Российский государственный исторический архив" (РГИА)
$j12236
937##$hРГИА
$d12246633
$aASBIBLIO_SCAN
462#0$1001dd3991dc-24e1-42ec-8838-ca4255420416
$12001
$a1746-1850 гг.
$1251
$cОпись
$1852
$j1
461#0$10019264ebf8-de62-4f1a-9eb4-9f22098dbbd5
$12001
$aДирекция императорских театров МИДв
$1251
$cФонд
$1852
$j497
215##$a27 л.
$d36,5х26 см
371##$aДокумент не является опубликованным и широко распространяемым
105##$ay###
1222#$ad
035##$a31dc3881-8467-431e-93fd-c93580afdef2
856##$uhttp://readingroom.main.prlib.ru/item.aspx?id_node=n122823590&mode=full
Формат отображения